[Event "Capablanca Memorial Elite 40th"]
[Site "Havana"]
[Date "2005.05.09"]
[Round "4"]
[White "Ivanchuk, Vassily"]
[Black "Nogueiras Santiago, Jesus"]
[Result "1-0"]
[WhiteElo "2739"]
[BlackElo "2533"]
[Annotator "Huebner,R"]
[PlyCount "115"]
[EventDate "2005.05.06"]
[EventType "tourn"]
[EventRounds "14"]
[EventCountry "CUB"]
[EventCategory "15"]
[SourceTitle "CBM 107"]
[Source "ChessBase"]
[SourceDate "2005.08.01"]
[SourceVersion "1"]
[SourceVersionDate "2005.08.01"]
[SourceQuality "1"]

1. d4 d5 2. c4 c6 3. Nf3 Nf6 4. Nc3 dxc4 5. a4 Bf5 6. Ne5 Nbd7 7. Nxc4 Nb6 8.
Ne5 a5 9. g3 e6 10. Bg2 Bb4 11. O-O O-O 12. e3 h6 13. Qe2 Bh7 14. Rd1 Nfd7 15.
Nxd7 Nxd7 16. e4 Qe7 17. Be3 Rfe8 18. h3 {Weiß hat keine Eile.} (18. Na2 Bd6
19. f4 f5 20. e5 Bc7 $11 {0-1 Avrukh,B-Sokolov,I/Izmir 2004/CBM 104 no vc (67).
(67)}) 18... Nf6 (18... f5 19. d5 {ist jetzt nicht so angenehm für Schwarz.})
19. Bf4 Nd7 20. Be3 Nf6 21. f3 Nd7 22. g4 {Weiß will den Gegner davon
abbringen, mit f7-f5 ein Gegenspiel zu beginnen.} Kh8 {Schwarz läßt sich
einschüchtern, aber es ist nicht nach jedermanns Geschmack, passiv zu bleiben.
Der Vorstoß des f-Bauern kommt trotz der Maßnahme des Weißen in Betracht:} (
22... f5 23. gxf5 exf5 24. e5 f4 (24... Nf6 25. f4 Ne4 26. Nxe4 fxe4 {verdient
ebenfalls Prüfung:} 27. Qc2 Qe6 {usw.}) 25. Bxf4 Qe6 26. Be3 Nb6 27. f4 Rad8 {
mit wirksamer Kontrolle der weißen Felder.}) 23. f4 f6 (23... f5 24. gxf5 exf5
25. e5 Nb6 26. d5 Nxd5 27. Nxd5 cxd5 28. Rxd5 Bg8 29. Rb5 Rab8 {verdient noch
stets Erwägung.}) 24. Na2 Bd6 25. Rd2 Rad8 26. Rad1 Bc7 27. Nc3 Qb4 28. Rd3 Qe7
29. Qc2 Nf8 30. Qf2 g5 $6 {Schwarz verliert die Geduld. Es ist offensichtlich,
daß der Zug} (30... Nd7 {die Krönung der vorhergehenden Manöver darstellen muß.
}) 31. f5 exf5 32. exf5 $6 (32. gxf5 $5 {bietet bessere Aussichten.}) 32... Nd7
$6 (32... Bb6 {verhindert d4-d5 und dürfte zum Ausgleich genügen.}) 33. d5 Ne5
34. Bc5 Qf7 $2 {Jetzt kann der d-Bauer des Weißen unter Umständen nach d6
vordringen, und dies ist höchst unangenehm. Es sollte vermieden werden, und
dafür gibt es zwei Möglichkeiten:} (34... Nxd3 35. Bxe7 Nxf2 36. Bxf6+ Kg8 37.
Bxd8 Nxh3+ (37... Nxd1 38. Bxc7 Nxc3 39. bxc3 cxd5 40. Bxd5+ Kg7 41. Bxa5 Ra8
42. Bb6 {kann Schwarz wahrscheinlich nicht überleben.}) 38. Bxh3 Rxd8 39. Bg2
h5 {bietet vorzügliche Remisaussichten.}) (34... Bd6 35. Bxd6 Rxd6 {sieht
ebenfalls nicht so schrecklich für Schwarz aus.}) 35. R3d2 Nc4 (35... Bg8 $5 {
verdient Untersuchung.}) 36. d6 {Dies ist wohl nicht der beste Moment für
diesen Vorstoß; Weiß sollte die Spannung im Zentrum aufrechterhalten.} (36. Re2
{mit der Absicht Te2-e6 ist möglicherweise genauer.}) 36... Bb8 37. d7 Rg8 38.
Rd4 Ne5 (38... Bf4 39. Bf1 (39. Nd5 Be5 40. Rxc4 Rxd7 41. Rc2 cxd5 42. Rcd2 d4
43. Bxd4 Bxd4 {ist nicht klar.}) 39... Ne5 (39... Ne3 40. Re1 Nxf1 41. Re7 {
, und Weiß gewinnt.}) 40. Bd6 {sieht nicht angenehm für Schwarz aus.}) 39. Qd2
Rg7 $2 (39... Nc4 40. Rxc4 Qxc4 41. Be7 Qf7 42. Bxd8 Rxd8 43. Ne4 Bg8 {bietet
Überlebensaussichten.}) 40. Ne4 Rxd7 41. Qxa5 Rg8 42. Qb4 Rxd4 43. Rxd4 Re8 44.
Nd6 $2 (44. Rd6 {gewinnt.}) 44... Bxd6 45. Bxd6 Bg8 46. Re4 Kg7 $2 {Hier steht
der König schlechter als auf h8, weil Schachgebote auf der siebten Reihe
auftreten können. Schwarz weigert sich beharrlich, seinen weißfeldrigen Läufer
zu aktivieren. Mit} (46... Qg7 47. Re3 Rd8 {kann er Widerstand leisten.}) 47.
a5 Qd7 48. Rd4 $6 (48. Qd4 {mit der Drohung 49.Te5: nebst 50.Lf8+ gewinnt
einen Bauern:} Qd8 49. Bxe5 fxe5 50. Qxd8 Rxd8 51. Rxe5 {. Allzu schwierig
sollte danach der Sieg nicht sein.}) 48... Qc8 49. Qc3 Bf7 50. b4 h5 51. Kf2 (
51. Re4 {ist ebenfalls möglich.} hxg4 (51... Bd5 52. Bxe5 Bxe4 53. Bxf6+ {
überlebt Schwarz nicht.}) 52. hxg4 Nd7 53. Rxe8 Qxe8 54. Kf2 {entsteht
strukturell die Lage, die später in der Partie vorkommt; Weiß sollte gewinnen.}
) 51... hxg4 52. hxg4 Qa8 53. Re4 Nd7 (53... Qa7+ {bietet nicht mehr
Möglichkeiten zum Widerstand:} 54. Qd4 (54. Kg3 Nxg4 55. Kxg4 Qg1 56. Rxe8
Qxg2+ 57. Qg3 {ergibt Remis.}) (54. Bc5 Qb8 {ist nicht überzeugend.}) 54...
Nd3+ 55. Ke3 Qxd4+ 56. Kxd4 Rd8 57. Kxd3 Rxd6+ 58. Rd4 {, und Weiß gewinnt
mühelos.}) 54. Rxe8 Qxe8 55. b5 cxb5 56. Bxb7 Bc4 57. Qe3 Ne5 58. Bxe5 1-0

[Event "CRO-ch"]
[Site "Slavonski Brod"]
[Date "1995.??.??"]
[Round "?"]
[White "Dizdar, Goran"]
[Black "Rogic, Davor"]
[Result "1-0"]
[WhiteElo "2510"]
[BlackElo "2460"]
[Annotator "Huebner,R"]
[PlyCount "83"]
[EventDate "1995.02.??"]
[EventType "tourn"]
[EventRounds "13"]
[EventCountry "CRO"]
[EventCategory "10"]
[SourceTitle "CBM 048"]
[Source "ChessBase"]
[SourceDate "1995.10.01"]
[SourceVersion "1"]
[SourceVersionDate "1995.10.01"]
[SourceQuality "1"]

1. d4 d5 2. c4 c6 3. Nf3 Nf6 4. Nc3 dxc4 5. a4 Bf5 6. Ne5 Na6 7. e3 Nb4 8. Bxc4
e6 9. O-O Be7 10. Qe2 Bc2 {Dies ist anscheinend eine Neuerung. Große
Überzeugungskraft kann der gekünstelte Zug auf mich nicht ausüben. Die ganze
Variante ist nicht attraktiv für Schwarz.} 11. Na2 {Vielleicht war 11.b3 0-0
12Bb2 nachhaltiger.} Nxa2 12. Qxc2 Nb4 13. Qe2 O-O 14. Rd1 c5 15. b3 cxd4 16.
Bb2 Bc5 17. Rac1 Nbd5 $2 {Besser war 17...Qa5; danach ist nicht klar, ob Weiß
einen nennenswerten Vorteil hat.} 18. e4 Nb6 19. Bxe6 Qe7 20. Bxf7+ Rxf7 21.
Nxf7 Kxf7 22. e5 Re8 23. b4 Bxb4 24. Bxd4 Nfd5 25. a5 Bxa5 26. Bxb6 Nxb6 27.
Qa2+ Kf8 28. Qxa5 Qxe5 29. Qxa7 Nc4 30. Qxb7 Nb2 31. Qb4+ Kg8 32. Re1 Rb8 33.
Rxe5 Rxb4 34. Re7 h6 35. g3 Nd3 36. Rc8+ Kh7 37. Rcc7 Rg4 38. f3 Rg6 39. Kf1 h5
40. Ke2 Nb4 41. Re5 Kh6 42. Rcc5 1-0

[Event "EU-ch 6th"]
[Site "Warsaw"]
[Date "2005.06.27"]
[Round "9"]
[White "Kuzubov, Yuriy"]
[Black "Rublevsky, Sergei"]
[Result "0-1"]
[WhiteElo "2558"]
[BlackElo "2645"]
[Annotator "Huebner,R"]
[PlyCount "64"]
[EventDate "2005.06.18"]
[EventType "swiss"]
[EventRounds "13"]
[EventCountry "POL"]
[SourceTitle "CBM 108"]
[Source "ChessBase"]
[SourceDate "2005.09.26"]
[SourceVersion "1"]
[SourceVersionDate "2005.09.26"]
[SourceQuality "1"]

1. d4 d5 2. c4 c6 3. Nf3 Nf6 4. Nc3 dxc4 5. a4 Bf5 6. Ne5 Nbd7 7. Nxc4 Nb6 8.
Ne5 a5 9. f3 Nfd7 10. e4 Nxe5 11. exf5 Ned7 12. Bg5 {Dies ist ein neuer Zug,
der nicht besonders wirksam aussieht. Ich gebe einige frühere Beispiele, die
zeigen, daß die wichtigste Idee des Weißen darin besteht, d4-d5 durchzusetzen:}
(12. d5 cxd5 (12... g6 13. dxc6 bxc6 14. Qd4 Rg8 15. fxg6 (15. Qe4 $14) 15...
Rxg6 16. Qf2 Ne5 17. Be2 (17. Bf4) 17... Nd3+ 18. Bxd3 Qxd3 19. Qxb6 Bg7 20.
Ne4 Rd8 21. Bd2 Bd4 22. Qb7 f5 23. Bg5 Rxg5 24. Qxc6+ Kf8 25. Qh6+ Rg7 26. Rd1
Qxd1+ {0-1 Delemarre,J-Strating,S/Enschede 2003/CBM 094 ext (26).}) 13. Bb5 (
13. Nxd5 e6 14. fxe6 fxe6 15. Nxb6 Bb4+ 16. Bd2 Qxb6 17. Bb5 Qe3+ 18. Kf1 Qxd2
19. Qxd2 Bxd2 20. Rd1 Bb4 21. Rxd7 O-O 22. Bc4 Rfd8 23. Bxe6+ Kf8 24. Kf2 Rxd7
25. Bxd7 {1/2-1/2 Lalic,B-Balcerak,J/Cappelle la Grande 2003/CBM 092 ext (25).}
) 13... e6 14. Qe2 Bb4 15. fxe6 fxe6 16. Qxe6+ Qe7 17. Qxe7+ Kxe7 18. Be3 $14 {
1-0 Lesiege,A-Donaldson,J/Philadelphia 2003/EXT 2004 (34). (33)}) (12. Qb3 Nf6
13. Be3 g6 14. d5 Nbxd5 15. Nxd5 Nxd5 16. Bd4 $2 (16. Qxb7) 16... e5 17. Bc3
Bb4 $19 {1/2-1/2 Muhammad,S-Kreiman,B/Seattle 2003/CBM 093 (27). (27)}) 12...
g6 13. Qc2 Bg7 14. O-O-O {Die lange Rochade scheint mir in dieser Stellung
recht riskant zu sein. Der Damenflügel des Weißen weist ernsthafte Schwächen
auf; insbesondere kann ein Springer des Gegners sich unter Umständen auf b4
festsetzen. Vorsichtiger ist} (14. Rd1) 14... Nf6 15. h4 $6 {dies ist hier
ziemlich sinnlos. Konsequent ist} (15. Bd3 {zur Vorbereitung von Th1-e1.}) (15.
Bxf6 Bxf6 16. Kb1 {ist ein zahmer Versuch, um Ausgleich zu kämpfen.}) 15...
Nfd5 {Jetzt ist die Stellung des Weißen meines Erachtens schon gefährdet.} 16.
Nxd5 Qxd5 17. Re1 $2 (17. Bd3 {sieht plausibler aus:} Qa2 18. Rhe1 {mit
unklarer Lage.}) 17... O-O-O 18. Bxe7 Qa2 19. Bd3 $6 {ich hätte doch versucht,
die Qualität mitzunehmen, obwohl die Lage des Weißen unerfreulich bleibt:} (19.
Bxd8 Rxd8 20. Bd3 Nxa4 (20... Bxd4 21. Kd2 {ist weniger klar.}) 21. b3 (21. Kd2
Qxb2 22. Qxb2 Nxb2 {ist ebenfalls unerfreulich für Weiß.}) 21... Qa3+ 22. Kd2
Qb4+ 23. Ke2 Nc3+ 24. Kf1 Qxd4 25. Bc4 Qf4 {Die Überlebensaussichten des
Weißen sind gering.}) 19... Rxd4 20. b3 Bh6+ 21. Kd1 Rxd3+ 22. Qxd3 Nd5 $19 {
Gegen die Drohungen 23...Se7: und 23...Db2 gibt es nun keine befriedigende
Verteidigung.} 23. Qc2 (23. f6 Qb2 $19) (23. Qd4 f6 {verbessert die Lage des
Weißen nicht.}) (23. fxg6 Nxe7 (23... hxg6 {genügt natürlich auch.}) 24. gxh7
Nd5 25. Qf5+ Kb8 26. Qe5+ Ka7 27. Qd4+ b6 {ist ebenfalls hoffnungslos.}) 23...
Qa1+ 24. Ke2 Qe5+ 25. Kf1 (25. Kf2 Be3+ 26. Kf1 Qxe7 $19) 25... Ne3+ 26. Kf2
Qxe7 27. Qc3 Re8 28. Qd4 (28. fxg6 hxg6 29. Qxa5 {sollte natürlich versucht
werden, doch steht Schwarz nach} Bf4 30. g3 Bc7 {klar auf Gewinn.}) 28... Qa3
29. Re2 gxf5 30. Rhe1 f4 31. Qa7 Qb4 32. Kg1 Rd8 0-1

[Event "RUS-chT 06th"]
[Site "St Petersburg"]
[Date "1999.05.19"]
[Round "4"]
[White "Poluljahov, Aleksandr"]
[Black "Solozhenkin, Evgeniy"]
[Result "1/2-1/2"]
[WhiteElo "2566"]
[BlackElo "2545"]
[Annotator "Huebner,R"]
[PlyCount "64"]
[EventDate "1999.05.16"]
[EventType "team-tourn"]
[EventRounds "9"]
[EventCountry "RUS"]
[SourceTitle "EXT 2020"]
[Source "ChessBase"]
[SourceDate "2019.10.17"]
[SourceVersion "1"]
[SourceVersionDate "2019.10.17"]
[SourceQuality "1"]
[WhiteTeam "Belorechensk Khimik"]
[BlackTeam "Sankt Petersburg Lentransgaz"]
[WhiteTeamCountry "RUS"]
[BlackTeamCountry "RUS"]

1. d4 d5 2. c4 c6 3. Nf3 Nf6 4. Nc3 dxc4 5. a4 Bf5 6. Nh4 e6 7. Nxf5 exf5 8. e3
Bd6 9. Bxc4 Qe7 10. O-O O-O 11. Re1 Nbd7 12. Qf3 g6 13. e4 fxe4 14. Nxe4 Nxe4
15. Rxe4 Qf6 16. Qg4 Nb6 17. Bb3 Rfe8 18. Bd2 Rxe4 19. Qxe4 Rd8 20. h4 Bf8 21.
Bg5 Qxd4 22. Qf3 Rd7 23. Rd1 Qg7 24. Re1 Nd5 {Schwarz hat keine Zeit, sich dem
gegnerischen b-Bauern zu widmen:} (24... Qxb2 25. Re8 Qg7 (25... Qa1+ 26. Kh2
Qg7 27. Qf4 $18) 26. Bf6 Qh6 27. Be7 $18) 25. Bxd5 cxd5 {In Betracht kam} (
25... Rxd5 26. Bf6 ({Die Folge} 26. Re8 f6 27. Bxf6 Qf7 28. Re5 Rxe5 29. Bxe5
Qxf3 30. gxf3 Kf7 {bietet dem Nachziehenden gute Gewinnaussichten.}) 26... Qh6
27. Bg5 Qh5 28. g4 Rxg5 29. hxg5 Qxg5 {mit leichtem Vorteil für Schwarz.}) 26.
Bf6 Qh6 27. Bg5 Qg7 28. Bf6 ({Die Fortsetzung} 28. Re8 f6 29. Bxf6 Qf7 30. Ra8
d4 {sieht nicht anziehend für Weiß aus.}) 28... Qh6 29. Re8 $2 {Der
Gewinnversuch ist nicht gerechtfertigt.} Qc1+ 30. Kh2 Qc6 31. Bg5 Re7 $2 ({
Die Erwiderung} 31... f5 32. Bh6 Rd8 {bot gute Gewinnaussichten.}) 32. Rxe7
Bxe7 1/2-1/2

[Event "Stillwater m"]
[Site "Stillwater"]
[Date "2005.02.21"]
[Round "8"]
[White "Shulman, Yuri"]
[Black "Wojtkiewicz, Aleksander"]
[Result "1-0"]
[WhiteElo "2551"]
[BlackElo "2536"]
[Annotator "Huebner,R"]
[PlyCount "57"]
[EventDate "2005.02.19"]
[EventType "match"]
[EventRounds "8"]
[EventCountry "USA"]
[SourceTitle "CBM 106"]
[Source "ChessBase"]
[SourceDate "2005.06.06"]
[SourceVersion "1"]
[SourceVersionDate "2005.06.06"]
[SourceQuality "1"]

1. d4 d5 2. c4 c6 3. Nf3 Nf6 4. Nc3 dxc4 5. a4 Bf5 6. Ne5 Nbd7 7. Nxc4 Nb6 8.
Ne5 a5 9. f3 Nfd7 10. Nxd7 Nxd7 11. e4 Bg6 12. f4 e6 13. Bc4 ({In der
Vorgängerpartie geschah} 13. Bd3 Nf6 14. Be3 Bb4 15. Qc2 Ng4 16. Bg1 O-O 17.
O-O-O f5 18. e5 Nh6 19. Kb1 Kh8 20. Be3 Ng8 21. g4 {1/2-1/2 Sorokin,
M-Kuporosov,V/Nizhnij Novgorod 1998/EXT 2000 (21).}) 13... Bb4 (13... Nf6 {
sieht erheblich solider aus:} 14. e5 Ne4 15. O-O Bb4 16. Ne2 (16. Nxe4 Bxe4 17.
Be3 $11) 16... O-O 17. Be3 Qe7 $15 {Beljavsky,A-Acs,P, George Marx mem 2004.})
14. O-O Nb6 (14... Bxc3 15. bxc3 Bxe4 16. Qe2 Nb6 17. Bxe6 fxe6 18. Qxe4 Qd5
19. Re1 Qxe4 20. Rxe4 Kf7 21. Rb1 Nxa4 22. Rxb7+ Kf6 23. Ba3 Rhb8 24. Re7 h5
25. R4xe6+ Kf5 26. Rxc6 {1-0 Eriksson,J-Welin,T/Malmo 2003/EXT 2005 (26).}) 15.
Bb3 Bxc3 16. bxc3 Bxe4 17. Ba3 h5 $6 {Schwarz wehrt sich gegen die Drohung 18.
Te1 Lf5 19.g4, aber der Zug hat natürlich seine Schattenseiten.} ({Die
Fortsetzung} 17... Qf6 18. Qe2 Qg6 19. Rfe1 Bd3 20. Qe5 Nd7 21. Qc7 {sieht für
Schwarz nicht erfreulich aus.}) (17... Nd5 18. Re1 f5 {kommt aber meines
Erachtens stark in Betracht.}) 18. Qe2 Bd5 $6 (18... Bf5 {sieht konsequenter
aus. Nach} 19. Qe5 f6 20. Qe1 Qd7 {dürfte die Stellung in etwa ausgeglichen
sein.}) 19. Rab1 {Jetzt entfaltet Weiß einen unangenehmen Druck auf der
b-Linie.} (19. c4 {ist natürlich verfehlt:} Bxc4 20. Bxc4 Qxd4+ 21. Kh1 Nxc4 (
21... Qxc4 22. Qb2 {ist weniger klar.}) 22. Rad1 Qe3 {, und Schwarz sollte
gewinnen.}) 19... g6 $2 (19... Qd7 {ist viel stärker:} 20. c4 Bxc4 21. Bxc4
Qxd4+ 22. Kh1 Nxc4 23. Rfd1 (23. Rbd1 Qe3 {führt zu der oben angegebenen
Stellung.}) 23... Qe3 (23... Qxf4 24. Qd3 Nxa3 25. Qd7+ Kf8 26. Rf1 {führt für
Weiß zum Gewinn.}) 24. Qxc4 Qxa3 25. Rxb7 O-O {braucht Schwarz natürlich nicht
zu fürchten.}) 20. f5 $2 (20. Bxd5 {ist viel besser:} cxd5 (20... Nxd5 21. Qe5
Qf6 22. Rxb7 Qxe5 23. fxe5 Rh7 24. c4 {kann Schwarz nicht überleben.}) 21. Qb5+
Nd7 22. Rfe1 Qc7 23. Qxd5 O-O-O 24. Qf3 {Der König des Schwarzen steht zu
unsicher; Weiß muß gewinnen.}) 20... gxf5 21. Rxf5 Rg8 $2 ({Unumgänglich ist} 
21... Qc7 {, um den Versuch zu machen, den König mit der langen Rochade in
Sicherheit zu bringen. Nach} 22. Bxd5 ({Nach} 22. Re5 Nd7 23. Rxh5 O-O-O 24. c4
Rxh5 25. Qxh5 Be4 {erreicht Schwarz sein Ziel.}) (22. Rbf1 Bxb3 23. Rxf7 Qxf7
24. Rxf7 Kxf7 {ist kaum gewinnträchtig.}) (22. c4 Nxc4 23. Bxc4 Bxc4 24. Qxc4
exf5 25. Re1+ Kd8 26. Qc5 Rg8 27. Re7 b6 28. Qxf5 Qxe7 29. Bxe7+ Kxe7 30. Qe5+
Kd7 31. Qxh5 {entsteht eine Remisstellung.}) 22... Nxd5 23. Rf3 O-O-O 24. Bc5 {
behält Weiß die Initiative, aber Schwarz ist nicht ohne
Verteidigungsaussichten.}) 22. Bxd5 ({Zum sofortigen Gewinn führt auch} 22.
Rxf7 Kxf7 (22... Rxg2+ 23. Qxg2 Bxg2 24. Rf8+ Kd7 25. Rxd8+ {kostet den
Schwarzen eine Figur.}) 23. Qxh5+ Rg6 ({oder} 23... Kg7 24. Bc2 {nebst matt in
wenigen Zügen.}) 24. Qh7+ Rg7 25. Rf1+ Qf6 26. Qh5+ Rg6 27. Rxf6+ Kxf6 28. Qe5+
Kf7 29. Qc7+ Kg8 30. Qxb6 {usw.}) 22... Nxd5 23. Rxb7 (23. Rxf7 Kxf7 24. Rxb7+
Nc7 25. Qxh5+ Rg6 26. Qe5 Rb8 {ist unnötig kompliziert.}) 23... Nxc3 24. Qe3
Nd5 25. Qc1 Rc8 26. Rfxf7 Qh4 27. Qf1 Qxd4+ 28. Kh1 c5 29. Qb5+ 1-0

[Event "ARM-ch 66th"]
[Site "Yerevan"]
[Date "2006.03.18"]
[Round "3"]
[White "Kotanjian, Tigran"]
[Black "Anastasian, Ashot"]
[Result "1/2-1/2"]
[WhiteElo "2471"]
[BlackElo "2602"]
[Annotator "Huebner,R"]
[PlyCount "53"]
[EventDate "2006.03.16"]
[EventType "tourn"]
[EventRounds "9"]
[EventCountry "ARM"]
[EventCategory "11"]
[SourceTitle "CBM 112"]
[Source "ChessBase"]
[SourceDate "2006.06.07"]
[SourceVersion "1"]
[SourceVersionDate "2006.06.07"]
[SourceQuality "1"]

1. d4 d5 2. c4 c6 3. Nc3 Nf6 4. Nf3 dxc4 5. a4 Bf5 6. Ne5 Nbd7 7. Nxc4 Nb6 8.
Ne5 a5 9. f3 Nfd7 10. e4 Nxe5 11. exf5 Ned7 12. d5 g6 13. dxc6 bxc6 14. Qd4 Nf6
{Der Textzug dürfte zum Ausgleich genügen.} (14... Rg8 15. fxg6 Rxg6 16. Qf2
Ne5 17. Be2 Nd3+ 18. Bxd3 Qxd3 19. Qxb6 Bg7 20. Ne4 Rd8 21. Bd2 Bd4 22. Qb7 f5
23. Bg5 Rxg5 24. Qxc6+ Kf8 25. Qh6+ Rg7 26. Rd1 Qxd1+ {0-1 Delemarre,
J-Strating,S/Enschede 2003/CBM 094 ext (26).}) 15. Be3 Nbd5 $6 (15... Qxd4 16.
Bxd4 Nbd7 {oder}) (15... Nbd7 {sind besser.}) 16. Nxd5 Qxd5 17. Bc4 $6 (17. Rc1
{gibt dem Weißen Vorteil:} Rd8 (17... Bg7 18. Rxc6 Qxf5 19. Rc5 Qb1+ 20. Rc1
Qf5 21. Bb5+ {ist offensichtlich unbequem für Schwarz.}) (17... Rb8 18. Qxd5
Nxd5 19. Bd4 Rg8 20. Rxc6 {überläßt dem Weißen beträchtlichen Endspielvorteil.}
) 18. Qb6 Nd7 19. Qxc6 Qe5 20. Kf2 {, und Schwarz sieht schweren Zeiten
entgegen.}) 17... Qxd4 18. Bxd4 gxf5 $11 19. Bxf6 exf6 20. O-O-O Bb4 21. f4 Ke7
22. Rd3 Rad8 23. Re3+ Kf8 24. Rd1 Rxd1+ 25. Kxd1 Rg8 26. g3 Kg7 27. Rd3 1/2-1/2

[Event "Czerniak Memorial 15th"]
[Site "Tel Aviv"]
[Date "1999.03.30"]
[Round "3"]
[White "Gershon, Alik"]
[Black "Bykhovsky, Avigdor"]
[Result "1/2-1/2"]
[WhiteElo "2467"]
[BlackElo "2453"]
[Annotator "Huebner,R"]
[PlyCount "57"]
[EventDate "1999.03.??"]
[EventType "tourn"]
[EventRounds "9"]
[EventCountry "ISR"]
[EventCategory "10"]
[SourceTitle "CBM 071"]
[Source "ChessBase"]
[SourceDate "1999.08.01"]
[SourceVersion "1"]
[SourceVersionDate "1999.08.01"]
[SourceQuality "1"]

1. d4 d5 2. c4 c6 3. Nf3 Nf6 4. Nc3 dxc4 5. a4 Bf5 6. Ne5 Nbd7 7. Nxc4 Qc7 8.
g3 e5 9. dxe5 Nxe5 10. Bf4 Nfd7 11. Bg2 f6 12. O-O Nc5 13. e4 (13. Nxe5 fxe5
14. Be3 Rd8 15. Qe1 Be7 16. Rd1 {führt zu gleichem Spiel.}) (13. Ne3 {Ftacnik}
Bg6 $1 (13... Rd8 14. Ncd5 Qd7 15. Nxf5 Qxf5 16. Ne3 $14 (16. Nc7+ Ke7 17. Qe1
$40)) (13... Be6 14. b4 Rd8 15. Qb1 $16) 14. b4 Ne6 $13) (13. b4 {Ftacnik} Rd8
14. Qc1 Ne6 $11) 13... Bg6 (13... Be6 {Ftacnik} 14. Nxe5 (14. Bxe5 fxe5 15.
Qh5+ g6 16. Qxe5 Qxe5 17. Nxe5 Bg7 18. f4 Bxe5 19. fxe5 Nd7 $11) 14... fxe5 15.
Qh5+ Qf7 16. Qxf7+ Bxf7 17. Bxe5 Nd3 18. Bd4 $14) 14. Bxe5 fxe5 15. f4 Rd8 (
15... exf4 {Ftacnik} 16. gxf4 Be7 17. Qe2 (17. Ne5 Qb6 18. a5 (18. Kh1 Qxb2 19.
Nxg6 hxg6 $17) 18... Qxb2 $17) 17... Rd8 18. Rad1 Rxd1 19. Qxd1 $11) 16. Qg4
exf4 17. gxf4 Nd3 18. Kh1 Bf7 {Dies ist ein neuer Zug; auch er ist sehr
unangenehm für Weiß. Bisher wurde 18...Lc5 gespielt. Ich gebe eine kurze
Übersicht:} (18... Bc5 19. f5 (19. Qg3 O-O 20. Rad1 (20. Ne2 {
Rytchagov-Skatchkov, RUS-Cup 03 (Geller memorial) 1999} Bh5 $19) 20... Bf7 21.
Rxd3 Bxc4 22. Rxd8 Rxd8 $17) 19... Bf7 20. e5 Bxc4 21. Qxc4 ({Der
Angriffsversuch} 21. f6 {genügt nicht:} Qxe5 22. Rf5 Qe6 23. fxg7 Rg8 24. Qh5+
Qg6 25. Qe2+ Be7 26. Rf8+ Rxf8 27. gxf8=Q+ Kxf8 28. Be4 Qf7 {0-1 Sakaev,
K-Morozevich,A, Kishinev 1998 (CBM 64).}) 21... Qxe5 22. Ne4 Be7 23. Rad1 $17)
19. Ne3 Bc5 20. Qxg7 $2 {Das Figurenopfer ist nicht korrekt.} (20. Qg3 {
leistet Widerstand.}) 20... Rg8 21. Qxh7 Bxe3 22. e5 Bd5 $2 (22... Nxf4 {
führt zum Gewinn, desgleichen}) (22... Bxf4) 23. Nxd5 Qxh7 24. Nf6+ Ke7 25.
Nxh7 Nxf4 26. Bf3 Nd3 27. Nf6 Rg5 28. Ng4 Bd4 29. Rab1 1/2-1/2